000 003930000a22001690004500
003 MACL
005 20150923152210.0
008 150923b xxu||||| |||| 00| 0 eng d
040 _aMACL
_cMACL
041 _aEnglish
082 _a823
245 _aPopular French Stories
260 _bCrest Publishing House
_c1993
_aDelhi
350 _a50
650 _aFiction
_912432
942 _cBK
_k823
_2ddc
999 _c4844
_d4844